Sociální prevence v projektu zaměřeném na děti a mládež : absolventská práce Sylva Klangová ; vedoucí práce PaeDr. Marie Vorlová
Record details
- Physical Description: 46 s. bar. mp. grafy, čb. fot. na příl.
Content descriptions
| Bibliography, etc. Note: | bibliogr. s. 45 |
Available copies
- 2 of 2 copies available at Common Catalog SPOK.
Holds
- 0 current holds with 2 total copies.
Show Only Available Copies
| Location | Call Number / Copy Notes | Barcode | Shelving Location | Status | Due Date |
|---|---|---|---|---|---|
| Jabok Library | ABP-0187 | 424480003377 | Absolventské práce | Reference | - |
| Jabok Library | ABP-0188 | 424480003376 | Depozitář - Absolv. práce | Reference | - |
| LDR | 00730ntm a22 a 4500 | ||
|---|---|---|---|
| 001 | 11945 | ||
| 003 | CZ-PrJAB | ||
| 005 | 20020430000000.0 | ||
| 008 | 000217s2000 xr e |||| |cze | ||
| 009 | cz | ||
| 035 | . | ‡a(CONS)11945 | |
| 035 | . | ‡aKPS0006157 | |
| 040 | . | ‡a | |
| 041 | 0 | . | ‡acze |
| 100 | 1 | 1. | ‡74894 ‡aKlangová, Sylva |
| 110 | 2. | ‡aJABOK - Vyšší sociálně pedagogická a teologická škola | |
| 245 | 1 | . | ‡aSociální prevence v projektu zaměřeném na děti a mládež : ‡babsolventská práce ‡cSylva Klangová ; vedoucí práce PaeDr. Marie Vorlová |
| 260 | . | ‡aPraha ‡c2000 | |
| 300 | . | ‡a46 s. ‡bbar. mp. grafy, čb. fot. na příl. | |
| 504 | . | ‡abibliogr. s. 45 | |
| 653 | . | ‡asociální prevence ‡aděti ‡amládež ‡apsychosociální vývoj | |
| 700 | 1 | 1. | ‡74797 ‡aVorlová, Marie ‡cPaedDr |
| 999 | . | ‡a187-d ‡c187-d ‡i424480003377 ‡l ‡tP | |
| 999 | . | ‡a188-d ‡c188-d ‡i424480003376 ‡l ‡tP | |
| 910 | . | ‡aABG312 | |
| 901 | . | ‡a11945 ‡bUnknown ‡c11945 ‡tbiblio | |